000 00552nam a22001817a 4500
005 20251108172240.0
008 250721s1999 xx 000 0 ara d
082 1 4 _a216.22/سقا
100 1 _aالسقا، عبد الأكرم
245 1 0 _aالمرشد إلى سجود السهو :
_bدراسة موضوعية /
264 1 _aدمشق :
_bدار السقا،
_c1999.
300 _a128ص
490 0 _aسلسلة أبحاث موضوعية ؛ 4
650 1 7 _aالصلاة
650 1 7 _aسجود السهو
942 _2ddc
_cBK
999 _c74204
_d74204